Hacia una revisión crítica de problemas y tópicos coloniales
Αποθηκεύτηκε σε:
| Κύριος συγγραφέας: | |
|---|---|
| Μορφή: | Άγνωστο |
| Έκδοση: |
Venezuela:
Universidad Simón Bolivar,
|
| Θέματα: | |
| Ετικέτες: |
Προσθήκη ετικέτας
Δεν υπάρχουν, Καταχωρήστε ετικέτα πρώτοι!
|
MARC
| LEADER | 000000000a22000000004500 | ||
|---|---|---|---|
| 001 | 000054 | ||
| 022 | |a 0798-958-X | ||
| 100 | 1 | |a Saracen, Gina Alessandra | |
| 245 | 1 | 0 | |a Hacia una revisión crítica de problemas y tópicos coloniales |
| 260 | |a Venezuela: |b Universidad Simón Bolivar, | ||
| 310 | |a semestral | ||
| 650 | 4 | |a POSTMODERNIDAD | |
| 650 | 4 | |a EPOCA COLONIAL | |
| 650 | 4 | |a AMERICA LATINA | |
| 650 | 4 | |a HISTORIA Y CRITICA | |
| 773 | 0 | |t Estudios: Revista de Investigaciones Literarias | |
| 773 | 0 | |g 3 | |
| 773 | 0 | |g 6 | |
| 773 | 0 | |g 1995 | |
| 773 | 0 | |g 105-115 | |
| 999 | |c 804 |d 804 | ||
